The practice of breast ultrasound : (رقم التسجيلة. 21860)

تفاصيل مارك
000 -الفاتح
حقل البيانات ثابتة الطول 01638cam a2200433 a 4500
001 - رقم الضبط
رقم الضبط 15184429
003 - محدد رقم الضبط
رقم الضبط OSt
005 - وقت وتاريخ اخر تعامل مع التسجيلة
رقم الضبط 20150408114019.0
008 - عناصر البيانات ثابتة الطول - معلومات عامة
حقل البيانات ثابتة الطول 080214s2008 gw a b 001 0 eng
010 ## - رقم ضبط مكتبة الكونجرس
رقم ضبط مكتبة الكونجرس 2008007213
016 7# - رقم ضبط الوكاله الوطنية للضبط الببليوجرافي
رقم ضبط التسجيلة 101466336
المصدر DNLM
020 ## - الرقم الدولى المعيارى للكتب
الرقم الدولى المعيارى للكتاب 9783131243423 (alk. paper)
020 ## - الرقم الدولى المعيارى للكتب
الرقم الدولى المعيارى للكتاب 3131243422 (alk. paper)
035 ## - رقم ضبط النظام
رقم ضبط النظام (OCoLC)ocn195764536
035 ## - رقم ضبط النظام
رقم ضبط النظام (OCoLC)195764536
040 ## - مصدر الفهرسة
وكالة الفهرسة الأصلية DNLM/DLC
وكالة النسخ DLC
وكالة التعديل NLM
-- BAKER
-- BTCTA
-- OHX
-- YDXCP
-- C#P
-- DLC
041 1# - رمز اللغة
رمز لغة النص/ المسارات الصوتية أو العنوان الانفرادي eng
رمز لغة الترجمات و/او الاصلية المتوسطة للنص ger
050 00 - رقم طلب مكتبة الكونجرس
رقم التصنيف RG493.5.U47
رقم المادة M3313 2008
060 10 - رقم الطلب بالمكتبة الطبية الوطنية
رقم التصنيف WP 815
رقم المادة M182k 2008a
082 00 - رقم تصنيف ديوى العشرى
رقم التصنيف 618.1907
رقم الطبعة 22
100 1# - المدخل الرئيسى - إسم شخصى
الإسم الشخصى Madjar, H.
9 (RLIN) 11345
240 10 - العنوان الموحد
عنوان موحد <a href="Kursbuch Mammosonographie.">Kursbuch Mammosonographie.</a>
لغة العمل English
245 14 - بيان العنوان
العنوان The practice of breast ultrasound :
بقية العنوان techniques--findings--differential diagnosis /
بيان المسئوليه,etc Helmut Madjar, Ellen B. Mendelson ; with the collaboration of Jack Jellins.
250 ## - بيان الطبعة
بيان الطبعة 2nd ed.
260 ## - PUBLICATION, DISTRIBUTION, ETC. (IMPRINT)
مكان الناشر او الموزع Stuttgart ;
-- New York :
اسم الناشر او الموزع Thieme,
تاريخ النشر أو التوزيع c2008.
300 ## - الوصف المادى
التعداد xii, 268 p. :
تفاصيل ماديه اخرى للوعاء ill. (some col.) ;
أبعاد الوعاء 32 cm.
504 ## - تبصرة ببليوجرافية
تبصرة ببليوجرافية,الخ Includes bibliographical references (p. 261-263) and index.
650 #0 - المدخل الاضافى بالموضوع-مصطلح موضوعى
مصطلح موضوعي أو اسم جغرافي كعنصر مدخل Breast
التقسيم الفرعي العام Ultrasonic imaging.
9 (RLIN) 11346
650 #0 - المدخل الاضافى بالموضوع-مصطلح موضوعى
مصطلح موضوعي أو اسم جغرافي كعنصر مدخل Breast
التقسيم الفرعي العام Diseases
-- Diagnosis.
650 #0 - المدخل الاضافى بالموضوع-مصطلح موضوعى
مصطلح موضوعي أو اسم جغرافي كعنصر مدخل Diagnosis, Differential.
650 12 - المدخل الاضافى بالموضوع-مصطلح موضوعى
مصطلح موضوعي أو اسم جغرافي كعنصر مدخل Ultrasonography, Mammary
التقسيم الفرعي العام methods.
9 (RLIN) 11347
650 22 - المدخل الاضافى بالموضوع-مصطلح موضوعى
مصطلح موضوعي أو اسم جغرافي كعنصر مدخل Breast Diseases
التقسيم الفرعي العام ultrasonography.
9 (RLIN) 11348
650 22 - المدخل الاضافى بالموضوع-مصطلح موضوعى
مصطلح موضوعي أو اسم جغرافي كعنصر مدخل Diagnosis, Differential.
700 1# - المدخل الاضافى - اسم شخصى
الإسم الشخصى Mendelson, Ellen B.
9 (RLIN) 11349
700 1# - المدخل الاضافى - اسم شخصى
الإسم الشخصى Jellins, Jack.
9 (RLIN) 11350
856 41 - الوصول و الموقع الالكترونى
مواد محددة Table of contents only
معرف المصدر الموحد <a href="http://www.loc.gov/catdir/toc/ecip0811/2008007213.html">http://www.loc.gov/catdir/toc/ecip0811/2008007213.html</a>
942 ## - عناصر المدخل الإضافي( كوها)
مصدر التصنيف او مخطط الترفيف Dewey Decimal Classification
Koha [default] item type كتاب
المقتنيات
حالة الفقد نموذج السعر الفعال حالة تلف ليس للاعارة رقم الطلب تاريخ الاكتساب الموقع الحالي الباركود الفرع الرئيسي Date last seen نوع المادة فى نظام كوها مصدر التصنيف او خطة الترفيف Total Checkouts Date last checked out
  2013-03-10     618.1907 M H P 2012-04-18 مكتبة كلية العلوم الطبية التطبيقية بالمجمعة - طالبات (AMF) 00076567 مكتبة كلية العلوم الطبية التطبيقية بالمجمعة - طالبات (AMF) 2013-03-10 كتاب Dewey Decimal Classification    
  2013-03-10     618.1907 M H P 2012-04-18 مكتبة كلية العلوم الطبية التطبيقية بالمجمعة - طالبات (AMF) 00076566 مكتبة كلية العلوم الطبية التطبيقية بالمجمعة - طالبات (AMF) 2013-03-10 كتاب Dewey Decimal Classification    
  2013-03-10     618.1907 M H P 2012-04-18 مكتبة كلية العلوم الطبية التطبيقية بالمجمعة - طالبات (AMF) 00076565 مكتبة كلية العلوم الطبية التطبيقية بالمجمعة - طالبات (AMF) 2024-10-16 كتاب Dewey Decimal Classification 1 2024-10-14
  2013-03-10     618.1907 M H P 2012-04-18 مكتبة كلية العلوم الطبية التطبيقية بالمجمعة - طالبات (AMF) 00076564 مكتبة كلية العلوم الطبية التطبيقية بالمجمعة - طالبات (AMF) 2013-03-10 كتاب Dewey Decimal Classification